Essential oils from condiment and medicinal plants in the control of contaminants from the micropropagation of Myrciaria dubia (Registro n. 330927)
[ somente texto ]
| 000 -LÍDER | |
|---|---|
| fixed length control field | 05495nab a2200361 i 4500 |
| 003 - CÓDIGO MARC DA AGÊNCIA CATALOGADORA | |
| Campo de controle | BR-BrBNA |
| 005 - DATA E HORA DA ÚLTIMA ATUALIZAÇÃO | |
| Campo de controle | 20250409112003.0 |
| 008 - CAMPO DE TAMANHO FIXO | |
| fixed length control field | 250409b2023 bl.ar|pooa||| 00| 0 eng | |
| 040 ## - FONTE DA CATALOGAÇÃO | |
| Agência catalogadora | BR-BrBNA |
| Idioma da catalogação | eng |
| 072 ## - CATEGORIA AGRIS | |
| Código AGRIS | F02 |
| Código do objeto | 1190 |
| 100 ## - ENTRADA PRINCIPAL - NOME PESSOAL | |
| Nome pessoal | Barreto, Hosana Carolina dos Santos |
| 100 ## - ENTRADA PRINCIPAL - NOME PESSOAL | |
| Nome pessoal | Chagas, Edvan Alves |
| 100 ## - ENTRADA PRINCIPAL - NOME PESSOAL | |
| Nome pessoal | Melo Filho, Antônio Alves de |
| 100 ## - ENTRADA PRINCIPAL - NOME PESSOAL | |
| Nome pessoal | Etienne, Bilovenie |
| 100 ## - ENTRADA PRINCIPAL - NOME PESSOAL | |
| Nome pessoal | Silva, Deila Cristina Vieira da |
| 100 ## - ENTRADA PRINCIPAL - NOME PESSOAL | |
| Nome pessoal | Araújo, Maria da Conceição da Rocha |
| 245 ## - TÍTULO PRINCIPAL | |
| Título principal | Essential oils from condiment and medicinal plants in the control of contaminants from the micropropagation of Myrciaria dubia |
| 500 ## - NOTA GERAL | |
| Nota geral | Publicação online; 35 ref.; 3 illus.; 2 tables; Summaries (En, Pt) |
| 942 ## - ADDED ENTRY ELEMENTS (KOHA) | |
| Koha item type | Analítica |
| 520 ## - NOTA DE RESUMO | |
| Nota de conteúdo | <br/><br/><br/>Abstract – The main limitation of the micropropagation of camu-camu (Myrciaria dubia) is related to in vitro contamination. In order to overcome contamination, the effect of essential oils was studied as an alternative to conventional chemical treatments. This study aimed to analyze the action of essential oils from four condiment and medicinal plants (Oregano, Origanum vulgare L.; Garlic, Allium sativum L.; Citronella, Cymbopogon nardus L.; and Ginger, Zingiber officinale Rosc.) in reducing microbial contamination growth and on the survival rate of explants in the micropropagation of camu-camu. The antimicrobial activity of essential oils was analyzed on the in vitro contamination of tissue culture from camu-camu at concentrations of 0.5, 1, 2, 3 and 4 μL mL-1 in woody plant medium (WPM), emulsified with 1% Polysorbate 80 (Tween 80). The antibacterial activity of essential oils on strains isolated from camu-camu tissue culture was also analyzed using agar diffusion and broth microdilution methods. The use of essential oils allowed a reduction in the rate of in vitro contamination in tissue culture, it being observed that, from the concentration of 2 μL mL-1, there was no manifestation of fungal contaminants, with a significant reduction in the rate of bacterial contamination, with the exception of ginger essential oil that showed significant contamination in all analyzed concentrations. Inversely in relation to the reduction in microbial growth in vitro, there is an increase in explant oxidation as concentrations increase, with citronella and oregano oils showing phytotoxic potential from the lowest concentrations. Garlic essential oil showed better balance, with lower oxidation rates and greater control of microorganisms in tissue culture at concentrations of 0.5 and 1 μL mL-1. Oregano and citronella essential oils showed better antibacterial activity in the agar diffusion test.<br/><br/><br/>Index terms - Camu-camu. Tissue Culture. Microbial Control. Microorganisms. |
| 520 ## - NOTA DE RESUMO | |
| Nota de conteúdo | <br/><br/><br/>Resumo – A micropropagação de camu-camu (Myrciaria dúbia) tem como principal limitação a contaminação in vitro. A fim de superar a contaminação, o efeito dos óleos essenciais foi estudado como alternativa aos tratamentos químicos convencionais. Este estudo teve como objetivo determinar a ação dos óleos essenciais de quatro plantas condimentares e medicinais (Orégano, Origanum vulgare L.; Alho, Allium sativum L.; Citronela, Cymbopogon nardus L.; Gengibre, Zingiber officinale Rosc.) na redução de contaminação microbiana e sobre a taxa de sobrevivência dos explantes na micropropagação de camu-camu. A atividade antimicrobiana dos óleos essenciais foi analisada sobre a contaminação in vitro, na cultura de tecidos de camu-camu, nas concentrações de 0,5, 1, 2, 3 e 4 μL mL-1 em meio WPM, emulsificados com Polysorbate 80 (Tween 80) a 1%. Também foi analisada atividade antibacteriana dos óleos essenciais sobre cepas isoladas da cultura de tecidos de camu-camu, nos métodos de difusão em ágar e microdiluição em caldo. A utilização de óleos essenciais permitiu redução na taxa de contaminação in vitro, na cultura de tecidos, sendo observado que, a partir da concentração de 2 μL mL-1, não houve manifestação de contaminantes fúngicos e redução significativa da taxa de contaminação bacteriana, à exceção de óleo essencial de gengibre, que apresentou contaminação expressiva em todas as concentrações analisadas. Em ordem inversa à redução no crescimento microbiano in vitro, percebe-se o aumento da oxidação dos explantes à medida que aumentam as concentrações, tendo os óleos de citronela e orégano apresentado potencial fitotóxico desde as mais baixas concentrações. O óleo essencial de alho apresentou melhor balanceamento, com menor taxa de oxidação e maior controle de microrganismos na cultura de tecidos, nas concentrações de 0,5 e 1 μL mL-1. Os óleos essenciais de orégano e citronela apresentaram melhor atividade antibacteriana no teste de difusão em ágar.<br/><br/><br/>Termos para indexação - Camu-camu. Controle microbiano. Cultura de tecidos. Microrganismos. |
| 650 ## - ASSUNTO - THESAGRO | |
| Cabeçalho tópico ou nome geográfico | CAMU-CAMU |
| 650 ## - ASSUNTO - THESAGRO | |
| Cabeçalho tópico ou nome geográfico | FRUTA TROPICAL |
| 650 ## - ASSUNTO - THESAGRO | |
| Cabeçalho tópico ou nome geográfico | MICROPROPAGAÇÃO |
| 650 ## - ASSUNTO - THESAGRO | |
| Cabeçalho tópico ou nome geográfico | CULTURA DE TECIDO |
| 650 ## - ASSUNTO - THESAGRO | |
| Cabeçalho tópico ou nome geográfico | ÓLEO ESSENCIAL |
| 650 ## - ASSUNTO - THESAGRO | |
| Cabeçalho tópico ou nome geográfico | ALHO |
| 650 ## - ASSUNTO - THESAGRO | |
| Cabeçalho tópico ou nome geográfico | ORÉGANO |
| 650 ## - ASSUNTO - THESAGRO | |
| Cabeçalho tópico ou nome geográfico | MICRORGANISMO |
| 773 0# - ENTRADA ANALÍTICA | |
| Host Biblionumber | 805 |
| Registro do item | 349549 |
| Imprenta | Jaboticabal-SP Sociedade Brasileira de Fruticultura 1978 |
| Outro identificador | 2025-2069 |
| Título | Revista Brasileira de Fruticultura (Brazil) |
| ISSN | 0100-2945 |
| Colação | v. 45 p. 1-11; (2023) |
| Número de controle de registro | BR2025000591 |
| 856 ## - ACESSO E ENDEREÇO ELETRÔNICO | |
| Identificador uniforme de recurso - URI | https://www.scielo.br/j/rbf/a/rT8TkV7rhfJP4PxvXHLTcCJ/?format=pdf&lang=en |
Nenhum exemplar disponível.

BINAGRI